Personagens da Bíblia - Statistics

Estatísticas Gerais
  • Esse quiz foi jogado 516 vezes
  • A pontuação média é 15 de 18
Estatísticas das Respostas
Dica Personagem % Correto
Construiu a Arca Noé
99%
Traiu Jesus Judas
97%
Derrotou Golias Davi
96%
Homem justo que Deus permitiu que Satanás o atormentasse
96%
Batizou Jesus João Batista
93%
Levou os judeus para fora do Egito Moisés
91%
Descobriu que o túmulo de Jesus estava vazio Maria Madalena
89%
Ressurreto dos mortos por Jesus Lázaro
82%
Engolido por uma baleia Jonas
81%
Esposa de Abraão Sara
79%
Ex-dobrador de impostos, apóstolo de Jesus, e escritor do Evangelho Mateus
78%
Construiu o Templo Salomão
78%
Seus filhos se tornaram as 12 tribos de Israel Jacó
76%
Trouxe os judeus para o Egito José
68%
Lutou a batalha de Jericó Josué
66%
Duvidou da ressurreição de Jesus Tomé
66%
Vendeu seu direito de primogenitura para Esaú
57%
Terceiro filho de Adão e Eva Sete
56%
Nenhum quiz correspondente encontrado
Distribuição das Pontuações
Porcentagem de Pessoas com Cada Pontuação
Percentil de Números Respondidos
Sua Pontuação Histórica
Você não jogou esse quiz